Gaming Quiz

Random Gaming or Video Games Quiz

Video Game Character Pairs Quiz Stats

 Plays Quiz not verified by Sporcle

Support Sporcle.
Go Orange.
Score 0/10 Timer 00:45
0 Plays Today
% Correct
Luigi
93.9%
Dixie Kong
92.8%
Dominic Santiago
92.5%
Scorpion
90.5%
Waluigi
89%
Tails
87.4%
Daxter
80.1%
Max
73.3%
Kazooie
68.9%
Clank
63.9%

You're not logged in!

Compare scores with friends on all Sporcle quizzes.
OR
Log In

From the Vault

Finding Nemo Typing Challenge

by beforever

You won't need to out-swim any sharks, just type pretty dang fast.
Remove Ads.
Support Sporcle.
Get the best of Sporcle when you Go Orange. This ad-free experience offers more features, more stats, and more fun while also helping to support Sporcle. Thank you for becoming a member.

Show Comments

Extras

Top Quizzes Today


Score Distribution

Your Account Isn't Verified!

In order to create a playlist on Sporcle, you need to verify the email address you used during registration. Go to your Sporcle Settings to finish the process.

Report this User

Report this user for behavior that violates our Community Guidelines.

Details: